Don segundo sombra /

Guardado en:
Autor Principal: Güiraldes, Ricardo
Formato: Libro
Publicado: Buenos Aires : Losada, 1978
Edición:40a. ed.
Series:Biblioteca Clásica y Contemporánea
Materias:
Etiquetas: Agregar Etiqueta
Sin Etiquetas, Sea el primero en etiquetar este registro!
LEADER 01317nam a22003255a 4500
001 CEM.cems003111
005 20101202110039.0
008 130507s1978##################000#0#####d
003 CEMS
082 0 4 |a A863.4 
100 1 |a Güiraldes, Ricardo 
245 1 0 |a Don segundo sombra /  |c Ricardo Güiraldes 
250 |a 40a. ed. 
260 |a Buenos Aires :  |b Losada,  |c 1978 
300 |a 194 p. 
490 0 |a Biblioteca Clásica y Contemporánea 
653 |a Literatura 
653 |a Literatura argentina 
653 |a Novelas 
653 |a Novela argentina 
859 |a CEMS  |b BIB. CEMS - 11 de abril  |h A863.4  |i G948a40  |p 7415.80  |t Ej.1 
859 |a CEMS  |b BIB. CEMS - 11 de abril  |h A863.4  |i G948a40  |p 7416.80  |t Ej.2 
859 |a CEMS  |b BIB. CEMS - 11 de abril  |h A863.4  |i G948a40  |p 7417.80  |t Ej.3 
859 |a CEMS  |b BIB. CEMS - 11 de abril  |h A863.4  |i G948a40  |p 7418.80  |t Ej.4 
859 |a CEMS  |b BIB. CEMS - 11 de abril  |h A863.4  |i G948a40  |p 7419.80  |t Ej.5 
859 |a CEMS  |b BIB. CEMS - 11 de abril  |h A863.4  |i G948a40  |p 7420.80  |t Ej.6 
859 |a CEMS  |b BIB. CEMS - 11 de abril  |h A863.4  |i G948a40  |p 7421.80  |t Ej.7 
859 |a CEMS  |b BIB. CEMS - 11 de abril  |h A863.4  |i G948a40  |p 7422.80  |t Ej.8 
859 |a CEMS  |b BIB. CEMS - 11 de abril  |h A863.4  |i G948a40  |p 7423.80  |t Ej.9 
859 |a CEMS  |b BIB. CEMS - 11 de abril  |h A863.4  |i G948a40  |p 7424.80  |t Ej.10